[Event "Klementowice Gr-A 1st"]
[Site "Klementowice"]
[Date "2010.08.27"]
[Round "6.8"]
[White "Konieczynski, Piotr"]
[Black "Koziel, Mateusz"]
[Result "1-0"]
[WhiteElo "1940"]
[BlackElo "1701"]
[PlyCount "83"]
[EventDate "2010.08.23"]
[EventType "swiss"]
[EventRounds "9"]
[EventCountry "POL"]
[SourceTitle "EXT 2023"]
[Source "ChessBase"]
[SourceDate "2022.10.05"]
[SourceVersion "1"]
[SourceVersionDate "2022.10.05"]
[SourceQuality "1"]

1. d4 d6 2. c4 Nf6 3. Nf3 g6 4. Nc3 Bg7 5. e4 0-0 6. h3 c5 7. d5 a6 8. a4 Nbd7 9. Be2 Ne8 10. 0-0 Ne5 11. Be3 Nxf3+ 12. Bxf3 Nc7 13. Qd2 Bd7 14. Bh6 b5 15. Bxg7 Kxg7 16. e5 b4 17. Ne4 Bf5 18. Rfe1 Rb8 19. b3 Bxe4 20. Rxe4 dxe5 21. Rxe5 Qd6 22. Qe3 Rbe8 23. Re1 e6 24. dxe6 Rxe6 25. Bg4 Rxe5 26. Qxe5+ Qxe5 27. Rxe5 h5 28. Rxc5 hxg4 29. Rxc7 gxh3 30. gxh3 Rd8 31. Rb7 a5 32. Rb5 Ra8 33. Kg2 Kh6 34. c5 Kg5 35. c6+ Kf6 36. c7 Rc8 37. Rxa5 Rxc7 38. Rb5 Ke6 39. Rxb4 Kd5 40. a5 Rc5 41. a6 Ra5 42. Ra4 1-0

[Event "Klementowice Gr-A 1st"]
[Site "Klementowice"]
[Date "2010.08.23"]
[Round "1.15"]
[White "Koziel, Mateusz"]
[Black "Filipczak, Przemyslaw"]
[Result "1-0"]
[WhiteElo "1701"]
[BlackElo "1413"]
[PlyCount "75"]
[EventDate "2010.08.23"]
[EventType "swiss"]
[EventRounds "9"]
[EventCountry "POL"]
[SourceTitle "EXT 2023"]
[Source "ChessBase"]
[SourceDate "2022.10.05"]
[SourceVersion "1"]
[SourceVersionDate "2022.10.05"]
[SourceQuality "1"]

1. c4 e5 2. Nc3 Nf6 3. g3 c6 4. Bg2 d5 5. cxd5 cxd5 6. d4 e4 7. Bf4 Bd6 8. Bxd6 Qxd6 9. e3 0-0 10. Nge2 Nc6 11. a3 Bd7 12. 0-0 a6 13. Nf4 Rac8 14. Na4 Na5 15. Nc5 b6 16. Nxd7 Qxd7 17. Bh3 Qc6 18. Bxc8 Rxc8 19. Rc1 Qd7 20. Rxc8+ Qxc8 21. Qc1 Qd7 22. b4 Nc4 23. Kg2 g5 24. Nh3 Qg4 25. Qd1 Nxa3 26. Qxg4 Nxg4 27. Ra1 Nc4 28. Rxa6 h6 29. Ng1 Kg7 30. Ne2 Nb2 31. Nc3 Nd3 32. Nd1 Ne1+ 33. Kf1 Nf3 34. h3 Nf6 35. Rxb6 Nd2+ 36. Kg2 Nc4 37. Rb5 h5 38. Nc3 1-0